| Поле | Инд. | ПП | Название | Значение |
|---|---|---|---|---|
| Тип записи | a | |||
| Библиографический уровень | m | |||
| 001 | Контрольный номер | DU/622125738 | ||
| 005 | Дата корректировки | 20251212125243.3 | ||
| 020 | a | ISBN | 978-5-4448-0794-1 | |
| 084 | a | Индекс другой классификации/Индекс ББК | 85.100,57 | |
| 090 | a | Полочн. индекс | 85.100,57 | |
| x | Авторский знак | П 196 | ||
| 100 | 1_ | a | Автор | Пастуро М. |
| q | Полное имя | Пастуро Мишель | ||
| u | Дополнение к имени | Pastoureau M. | ||
| 245 | 10 | a | Заглавие | Синий. История цвета |
| c | Ответственность | перевод с французского Н. Кулиш; составитель серии О. Вайнштейн | ||
| 246 | 01 | a | Другая форма заглавия | Bleu. Histoire d'une couleur |
| 260 | b | Издательство | Новое литературное обозрение | |
| a | Место издания | Москва | ||
| c | Дата издания | 2018 | ||
| 300 | a | Объем | 144 с. | |
| b | Иллюстрации/ тип воспроизводства | ил. | ||
| 336 | a | Термин вида содержания | Текст | |
| 337 | a | Термин типа средства | непосредственный | |
| 440 | _0 | a | Серия | Библиотека журнала "Теория моды" |
| 541 | 1_ | a | Номер заявки | 8003 |
| b | Заявитель | Боклагов Евгений Николаевич | ||
| c | Факультет/Кафедра/Подразделение | Кафедра социологии и гуманитарных наук | ||
| d | Дата заявки | 02.11.2018 | ||
| f | Дисциплина | философия, эстетика и история искусства, культурология | ||
| h | Уровень подготовки | Бакалавриат | ||
| n | Количество экземпляров | 2 | ||
| 650 | 04 | a | Основная рубрика | изобразительное искусство |
| a | Основная рубрика | искусство | ||
| a | Основная рубрика | теория изобразительного искусства | ||
| 653 | 0_ | a | Ключевые слова | ассоциации |
| a | Ключевые слова | воздействие цвета | ||
| a | Ключевые слова | восприятие цвета | ||
| a | Ключевые слова | геральдика | ||
| a | Ключевые слова | западноевропейская культура | ||
| a | Ключевые слова | западноевропейское искусство | ||
| a | Ключевые слова | индиго | ||
| a | Ключевые слова | история изобразительного искусства | ||
| a | Ключевые слова | краски | ||
| a | Ключевые слова | куртуазность | ||
| a | Ключевые слова | новейшее время | ||
| a | Ключевые слова | новое время | ||
| a | Ключевые слова | окрашивание | ||
| a | Ключевые слова | производство цвета | ||
| a | Ключевые слова | Реформация | ||
| a | Ключевые слова | семантика цвета | ||
| a | Ключевые слова | символика цвета | ||
| a | Ключевые слова | средние века | ||
| a | Ключевые слова | средства художественного выражения | ||
| a | Ключевые слова | средства художественного изображения | ||
| a | Ключевые слова | теория цвета | ||
| a | Ключевые слова | флаги | ||
| a | Ключевые слова | цвет | ||
| a | Ключевые слова | язык цвета | ||
| 700 | 12 | a | Автор | Кулиш Н. |
| e | Роль лиц | переводчик | ||
| 700 | 1_ | a | Автор | Вайнштейн О. |
| e | Роль лиц | составитель серии | ||
| 720 | a | Наименование подборки | К семинарам по культурологии | |
| e | Признак/вид подборки | Тематические подборки | ||
| 900 | a | Имя электронного ресурса | obl_Pasturo_Blue | |
| x | Справочная информация | Обложка | ||
| 901 | t | Тип документа | m | |
| 952 | a | Тип литературы для КСУ ВШ | НАУ |